[Event "AUTO-OPEN-4639"]
[Site "http://www.queenalice.com/game.php?id=1869396"]
[Date "2026.2.18"]
[Round "1"]
[White "JoseMessias"]
[Black "Carlos19"]
[Result "0-1"]
[WhiteElo "1627"]
[BlackElo "1790"]

1. g3 e5 2. Bg2 Nc6 3. Bxc6 dxc6 4. e4 Nf6 5. d3 c5 6. Nf3 Bg4 7. h3 Bd7 8. Nxe5
Bd6 9. Nc4 b5 10. Nxd6+ cxd6 11. Bg5 h6 12. Bf4 Qb6 13. O-O Bxh3 14. Re1 g5 15.
e5 gxf4 16. exf6+ Kf8 17. gxf4 Qc6 18. f3 Re8 19. Rxe8+ Qxe8 20. Kh2 Bf5 21. Nc3
a6 22. Qg1 Rg8 23. Qf2 Qe6 24. Rg1 Qxf6 25. Rxg8+ Kxg8 26. Qg2+ Kf8 27. Kg1 Qd4+
28. Kh1 Qxf4 29. Nd5 Qc1+ 30. Kh2 Qxb2 31. c3 Qxg2+ 32. Kxg2 Bxd3 33. Nc7 b4 34.
cxb4 cxb4 35. Nxa6 Bxa6 36. Kf2 Bd3 37. Ke1 Bb1 38. Kd1 Bxa2 39. Kc1 h5 40. Kb2
b3 41. f4 h4 42. Ka3 h3 0-1

[Event "AUTO-OPEN-4639"]
[Site "http://www.queenalice.com/game.php?id=1869421"]
[Date "2026.2.18"]
[Round "1"]
[White "Takeda"]
[Black "JoseMessias"]
[Result "1-0"]
[WhiteElo "2176"]
[BlackElo "1594"]

1. e4 e5 2. Nf3 d6 3. d4 Bg4 4. Be2 Nc6 5. d5 Nb4 6. O-O a5 7. Nc3 Bxf3 8. Bxf3
Nf6 9. Bg5 h6 10. Bh4 g5 11. Bg3 h5 12. h3 g4 13. hxg4 hxg4 14. Bxg4 Nxg4 15.
Qxg4 Nxc2 16. Rac1 Nd4 17. f4 exf4 18. Qxf4 Ne2+ 19. Nxe2 Rh7 20. Nd4 Bh6 21.
Qf5 Rg7 22. Ne6 fxe6 23. dxe6 Bxc1 24. Qf8# 1-0

[Event "AUTO-OPEN-4639"]
[Site "http://www.queenalice.com/game.php?id=1869422"]
[Date "2026.2.18"]
[Round "1"]
[White "JoseMessias"]
[Black "Takeda"]
[Result "0-1"]
[WhiteElo "1592"]
[BlackElo "2158"]

1. e4 g6 2. Bc4 d6 3. Qf3 Nf6 4. d4 Nc6 5. Bxf7+ Kxf7 6. Qb3+ e6 7. e5 Nxd4 8.
Qc4 dxe5 9. Be3 b5 10. Qd3 Bb7 11. f3 a6 12. Bxd4 Qxd4 13. Ne2 Qxb2 14. O-O Qxa1
15. Nec3 Bc5+ 16. Kh1 Bd4 17. f4 Bxc3 18. Nxc3 e4 19. Qe3 Qxf1+ 20. Qg1 Qxg1+
21. Kxg1 Nd5 22. Nxe4 Nxf4 23. Ng5+ Kf6 24. Nf3 Bxf3 25. gxf3 Rad8 26. Kf2 Rd2+
27. Ke3 Rhd8 28. Kxf4 Rxc2 0-1

[Event "AUTO-OPEN-4639"]
[Site "http://www.queenalice.com/game.php?id=1869437"]
[Date "2026.2.18"]
[Round "1"]
[White "JailtonMaster"]
[Black "JoseMessias"]
[Result "1-0"]
[WhiteElo "2204"]
[BlackElo "1637"]

1. d4 d5 2. c4 e6 3. Nc3 dxc4 4. e4 Bb4 5. Ne2 Nf6 6. Qc2 Nc6 7. a3 Bxc3+ 8.
bxc3 e5 9. d5 Na5 10. Qa4+ c6 11. Bg5 b5 12. Qb4 Nb3 13. Rd1 h6 14. dxc6 Qc7 15.
Bxf6 gxf6 16. Qxb5 O-O 17. Ng3 a6 18. Qxc4 Be6 19. Qa4 Nc5 20. Qc2 Bb3 21. Qb2
Bxd1 22. Kxd1 Qxc6 23. f3 Qa4+ 24. Ke1 Rad8 25. Be2 Nd3+ 26. Bxd3 Rxd3 27. Qc1
Rfd8 28. Kf2 Rd2+ 29. Ne2 Qc4 30. Re1 Qc5+ 31. Kf1 Qc4 32. Kf2 f5 33. exf5 Qf4
34. g3 Qe3+ 35. Kxe3 R2d3+ 36. Ke4 f6 37. Qxh6 R3d6 38. f4 Re8 39. fxe5 Rxe5+
40. Kf4 Rdd5 41. Qg6+ Kf8 42. Qxf6+ Ke8 43. Qxe5+ Rxe5 44. Kxe5 1-0

[Event "AUTO-OPEN-4639"]
[Site "http://www.queenalice.com/game.php?id=1869438"]
[Date "2026.2.18"]
[Round "1"]
[White "JoseMessias"]
[Black "JailtonMaster"]
[Result "0-1"]
[WhiteElo "1657"]
[BlackElo "2217"]

1. b3 Nf6 2. Bb2 e6 3. Nc3 d5 4. d4 c5 5. e3 Nc6 6. Bb5 Qc7 7. dxc5 Bxc5 8. a3
a6 9. Bxc6+ bxc6 10. b4 Bd6 11. Nf3 e5 12. Ng5 a5 13. b5 cxb5 14. Nxb5 Qc5 15.
Nxd6+ Qxd6 16. f4 exf4 17. Bxf6 Qxf6 18. Qxd5 Qxa1+ 19. Qd1 Qxd1+ 20. Kxd1 fxe3
21. Re1 Bg4+ 22. Kc1 e2 23. h3 f6 24. Ne4 Bh5 25. g4 Bg6 26. Rxe2 Bxe4 27. Rxe4+
Kf7 28. a4 Rhe8 29. Rd4 Rac8 30. Rd7+ Kg6 31. h4 Re2 32. h5+ Kh6 33. Rd4 Rcxc2+
34. Kd1 Rcd2+ 35. Rxd2 Rxd2+ 36. Kxd2 Kg5 37. Kc3 Kxg4 38. Kc4 f5 39. Kb5 f4 40.
Kxa5 f3 41. h6 gxh6 42. Kb6 f2 43. a5 f1=B 44. Kc6 h5 45. Kd5 h4 46. Ke4 h3 47.
a6 h2 48. a7 h1=Q+ 0-1

[Event "AUTO-OPEN-4642"]
[Site "http://www.queenalice.com/game.php?id=1870201"]
[Date "2026.3.7"]
[Round "1"]
[White "JoseMessias"]
[Black "EduardoRo"]
[Result "0-1"]
[WhiteElo "1605"]
[BlackElo "1277"]

1. b3 e5 2. e4 Nf6 3. d4 exd4 4. Qxd4 Nc6 5. Qe3 Bb4+ 6. c3 Bd6 7. e5 Nxe5 8. f4
O-O 9. fxe5 Re8 10. Nf3 Ng4 11. Qf4 Nxe5 12. Nxe5 Bxe5 13. Qg4 Bxc3+ 14. Kd1 d5
15. Qg3 Re1+ 16. Kc2 Bxa1 17. Qxe1 Bf5+ 18. Bd3 Bxd3+ 19. Kxd3 c5 20. Qe2 Qb6
21. Re1 Qg6+ 22. Kd2 Qg5+ 23. Kd1 Qd8 24. Bg5 f6 25. Be3 d4 26. Bf4 Bc3 27. Nxc3
dxc3+ 28. Kc2 a6 29. Qe6+ Kh8 30. Bc7 Qd2+ 31. Kb1 Qb2# 0-1

[Event "AUTO-OPEN-4642"]
[Site "http://www.queenalice.com/game.php?id=1870202"]
[Date "2026.3.7"]
[Round "1"]
[White "EduardoRo"]
[Black "JoseMessias"]
[Result "1-0"]
[WhiteElo "1247"]
[BlackElo "1635"]

1. e4 e5 2. Nf3 d5 3. Nc3 d4 4. Nd5 f5 5. Nxe5 Nf6 6. Nxf6+ gxf6 7. Nc4 fxe4 8.
Be2 d3 9. cxd3 exd3 10. Bxd3 Qxd3 11. Ne3 Qe4 12. O-O Bf5 13. d3 Qe5 14. Nc4 Qd5
15. Re1+ Be7 16. b3 Rg8 17. Qh5+ Kd8 18. Ne3 Qc5 19. Qf3 Bg4 20. Nxg4 Nc6 21.
Be3 Nd4 22. Qxb7 Rb8 23. Qxb8+ Kd7 24. Qxg8 h5 25. Rac1 Qd6 26. Bxd4 Qxd4 27.
Qe6+ Kd8 28. Qxe7+ Kc8 29. Qxc7# 1-0

[Event "AUTO-OPEN-4642"]
[Site "http://www.queenalice.com/game.php?id=1870203"]
[Date "2026.3.7"]
[Round "1"]
[White "JoseMessias"]
[Black "Tonto"]
[Result "0-1"]
[WhiteElo "1522"]
[BlackElo "2032"]

1. g3 e5 2. Bg2 Nf6 3. d4 e4 4. Bg5 Be7 5. Nc3 c6 6. Bxf6 Bxf6 7. Bxe4 O-O 8. e3
d5 9. Bf3 Bf5 10. e4 dxe4 11. g4 Bg6 12. Bxe4 Re8 13. Nge2 Bxe4 14. O-O Bf3 15.
Qd3 Bxg4 16. h3 Bxh3 17. Qxh3 Na6 18. Kg2 Nb4 19. Rh1 h6 20. Qg3 Bg5 21. f4 Bf6
22. Rxh6 Nxc2 23. Rah1 g6 24. Qh3 Kf8 25. Rh8+ Ke7 26. Rh7 Rh8 27. Rc1 Rxh7 28.
Qxh7 Ne3+ 29. Kf3 Nf5 30. Re1 Ng7 31. Ng3+ Kd7 32. Nge4 Kc7 33. Qh2 Bxd4 34. Rd1
Nf5 35. Ne2 Qd5 36. Nc3 Qc4 37. b3 Qb4 38. Rc1 Rh8 39. Nd5+ Kd7 40. Qxh8 Qxb3+
41. axb3 Bxh8 42. Rd1 cxd5 43. Rxd5+ Ke6 44. Rd2 Nd4+ 45. Kg4 f5+ 46. Kg5 Nf3+
47. Kxg6 Nxd2 48. Nxd2 b5 49. Nf3 Bc3 50. Ng5+ Ke7 51. Kxf5 Kd7 52. Kg6 Kc6 53.
f5 a5 54. f6 Bxf6 55. Kxf6 Kc5 56. Ne4+ Kb4 57. Nd2 Kc3 58. Nb1+ Kxb3 59. Ke5 b4
60. Kd4 Kc2 61. Na3+ bxa3 62. Kc4 a2 0-1

[Event "AUTO-OPEN-4642"]
[Site "http://www.queenalice.com/game.php?id=1870204"]
[Date "2026.3.7"]
[Round "1"]
[White "Tonto"]
[Black "JoseMessias"]
[Result "0-1"]
[WhiteElo "2048"]
[BlackElo "1492"]

1. e4 e5 2. Nf3 Nf6 3. d3 d6 4. Be2 d5 5. Bg5 h6 6. Bh4 g5 7. Bg3 Bd6 8. Nbd2
dxe4 9. Nxe4 g4 10. Nfd2 h5 11. Bh4 Bf5 12. Bxf6 Be7 13. Bxh8 Bxe4 14. Nxe4 f6
15. Qd2 Kd7 16. d4 Qxh8 17. O-O-O Kc8 18. dxe5 fxe5 19. f3 gxf3 20. Bxf3 Qg8 21.
Nc3 Bg5 22. Ne4 Bxd2+ 23. Rxd2 Qxa2 24. Nc3 Qa1+ 25. Nb1 Nd7 26. Bxh5 Nf6 27.
Bg6 c6 28. Rd6 Nd5 29. Re1 Nb4 30. c3 Kc7 31. Red1 Nd5 32. Re6 Ne3 33. Re1 Nc4
34. Kc2 Qxb2+ 35. Kd3 Rd8+ 36. Ke4 Qc2+ 37. Kf3 Rf8+ 38. Kg3 Qf2+ 39. Kg4 Qxg2+
40. Kh4 Rh8+ 41. Bh5 Qf2+ 42. Kg5 Qxe1 43. Bg6 Qh4+ 44. Kf5 Rf8+ 0-1

[Event "Challenge"]
[Site "http://www.queenalice.com/game.php?id=1870533"]
[Date "2026.3.13"]
[Round "-"]
[White "JoseMessias"]
[Black "EduardoRo"]
[Result "0-1"]
[WhiteElo "1547"]
[BlackElo "1502"]

1. e4 e5 2. Bc4 Nf6 3. d4 Nc6 4. d5 Nd4 5. c3 Nxe4 6. cxd4 Bb4+ 7. Bd2 Qh4 8. g3
Nxg3 9. fxg3 Qe4+ 10. Qe2 Qxh1 11. Kf1 d6 12. g4 Bxd2 13. Nxd2 O-O 14. dxe5 dxe5
15. Qxe5 Bxg4 16. Qg3 h5 17. Re1 a6 18. Kf2 h4 19. Qxg4 Qxh2+ 20. Kf1 Qxd2 21.
Re2 Qh6 22. Kf2 b5 23. Bb3 Qf6+ 24. Nf3 a5 25. Bc2 Rac8 26. Qxh4 Qxh4+ 27. Nxh4
c5 28. dxc6 Rxc6 29. Bf5 g6 30. Be4 Rc4 31. Kf3 Re8 32. Bd5 Rxe2 33. Kxe2 Rxh4
34. Kf3 Rh2 35. Kf4 Rxb2 36. Kg5 Kg7 37. Kf4 Kf6 38. Bc6 b4 39. Bd5 Rd2 40. Bb3
a4 41. Bxa4 Rxa2 42. Bb3 g5+ 43. Kg4 Rb2 44. Bd5 b3 45. Kh5 Rh2+ 46. Kg4 b2 47.
Be4 Rh4+ 48. Kf3 Rf4+ 49. Ke3 Ke5 50. Bc2 f6 51. Bb1 f5 52. Bc2 Rh4 53. Kd3 g4
54. Kc3 g3 55. Kxb2 g2 0-1

[Event "Challenge"]
[Site "http://www.queenalice.com/game.php?id=1870534"]
[Date "2026.3.13"]
[Round "-"]
[White "EduardoRo"]
[Black "JoseMessias"]
[Result "1-0"]
[WhiteElo "1378"]
[BlackElo "1590"]

1. e4 e5 2. Nf3 d5 3. Nc3 d4 4. Nd5 c6 5. Nxe5 cxd5 6. exd5 Qxd5 7. Nc4 b5 8.
Na5 b4 9. Nc4 Ba6 10. d3 Nd7 11. Be2 Bxc4 12. dxc4 Qe5 13. O-O Bd6 14. g3 h5 15.
Bf4 Qe6 16. Qxd4 Bxf4 17. Qxf4 Ne7 18. Rfe1 Ne5 19. b3 N7g6 20. Qe4 Rd8 21. a4
a5 22. c5 h4 23. Bb5+ Kf8 24. c6 f5 25. c7 Rc8 26. Qb7 Kf7 27. Bc4 Nxc4 28. Rxe6
Kxe6 29. Qc6+ Nd6 30. Re1+ Ne5 31. f4 Kf7 32. fxe5 Ne8 33. e6+ Kg8 34. Qd7 hxg3
35. hxg3 Rxc7 36. Qxe8+ Kh7 37. Qh5+ Kg8 38. Qxf5 Re7 39. Rd1 g6 40. Qxg6+ Kf8
41. Rd8+ Re8 42. Qf7# 1-0

[Event "AUTO-OPEN-4645"]
[Site "http://www.queenalice.com/game.php?id=1871104"]
[Date "2026.3.28"]
[Round "1"]
[White "EduardoRo"]
[Black "JoseMessias"]
[Result "1-0"]
[WhiteElo "1693"]
[BlackElo "1500"]

1. e4 e5 2. Nf3 Nc6 3. Bc4 Nf6 4. Nc3 Bb4 5. O-O Bxc3 6. dxc3 d6 7. Ng5 Be6 8.
Bxe6 fxe6 9. Nxe6 Qe7 10. Ng5 h6 11. Nf3 Nxe4 12. c4 O-O-O 13. b3 Nc3 14. Qd3 e4
15. Qxc3 exf3 16. Qxf3 Nd4 17. Qh3+ Kb8 18. Be3 Nxc2 19. Rac1 Nb4 20. Rfe1 b6
21. Bd2 Qd7 22. Bxb4 a5 23. Qxd7 Rxd7 24. Bc3 Rg8 25. f4 g6 26. Re6 d5 27. cxd5
Rxd5 28. Rce1 Rd3 29. Be5 h5 30. Bf6 Rd2 31. a3 Rd3 32. Rb1 Kb7 33. a4 Rd5 34.
Re7 Rf8 35. Be5 Rc8 36. b4 axb4 37. Rxb4 Rc5 38. Rg7 Rc6 39. Rd4 Rf8 40. Kf2 Rf5
41. h3 Rc5 42. Rxg6 Rcxe5 43. Kg3 Re3+ 44. Kf2 Ra3 45. g3 Rc5 46. Rd2 Rxa4 47.
Rg5 h4 48. Rxc5 bxc5 49. Kf3 Ra3+ 50. Kg4 hxg3 51. f5 Ra8 52. Kxg3 Kb6 53. h4
Rf8 54. Kg4 Rg8+ 55. Kf4 Rh8 56. Kg5 Rg8+ 57. Kh6 Rg4 58. Kh5 Rf4 59. Kg5 Rd4
60. Rb2+ Rb4 61. Rc2 Rd4 62. h5 Kc6 63. f6 Rd5+ 64. Kg6 Kd7 65. f7 Ke7 66. Re2+
Kd7 67. f8=Q Rd6+ 68. Kf5 Rd5+ 69. Ke4 Rd4+ 70. Ke5 Kc6 71. Qf6+ Kb5 72. Rb2+
Kc4 73. Qf1+ Kc3 74. Qc1+ Kd3 75. Qd2+ Kc4 76. Rc2+ Kb5 77. Qc3 Ka4 78. Qxc5 Rh4
79. Ra2+ Kb3 80. Qc2+ Kb4 81. Rb2+ Ka3 82. Qb3# 1-0

[Event "AUTO-OPEN-4645"]
[Site "http://www.queenalice.com/game.php?id=1871105"]
[Date "2026.3.28"]
[Round "1"]
[White "JoseMessias"]
[Black "EduardoRo"]
[Result "0-1"]
[WhiteElo "1509"]
[BlackElo "1679"]

1. e4 e5 2. Bc4 Nf6 3. d4 Nc6 4. dxe5 Nxe4 5. Qf3 Nxe5 6. Qxe4 Qf6 7. Nf3 Bd6 8.
Bg5 Qg6 9. Nc3 Qxe4+ 10. Nxe4 f6 11. Nxe5 Bxe5 12. Bd2 c6 13. f4 Bxb2 14. Rb1 d5
15. Nd6+ Kd7 16. Nf7 Re8+ 17. Be2 Ba3 18. Rb3 Bc5 19. Rc3 b6 20. Kd1 Bb7 21. Re1
Bd4 22. Rd3 c5 23. Bg4+ Kc6 24. Rb3 Rxe1+ 25. Bxe1 Re8 26. f5 c4 27. Rb4 a5 28.
Ra4 Bc8 29. Bg3 Re7 30. Nd8+ Kb5 31. Ra3 Re4 32. Bf3 Bxf5 33. Bxe4 Bxe4 34. Ne6
Bc5 35. Nxc5 Kxc5 36. Bf2+ d4 37. c3 Kb5 38. Bxd4 Bxg2 39. Ke2 Bh3 40. Kf3 Bf5
41. Kf4 Bd3 42. Bg1 g6 43. Ke3 h5 44. h4 g5 45. Bf2 g4 46. Kf4 Ka6 47. Ke3 f5
48. Kf4 Bc2 49. Bd4 b5 50. Bc5 Bd3 51. Bb4 a4 52. Bd6 Kb6 53. Kg5 Kc6 54. Bg3
Bc2 55. Kxh5 Kd5 56. Kg5 Ke4 57. h5 Kf3 58. h6 f4 59. Bxf4 g3 60. Bxg3 Kxg3 61.
Kf6 Kf4 62. Kg7 Ke3 63. h7 Bxh7 64. Kxh7 Kd2 65. Kg6 Kc2 66. Kf5 Kb2 67. Rxa4
bxa4 68. Ke4 Kxc3 69. Kd5 Kd3 70. Kc5 c3 71. Kb4 c2 72. Kxa4 c1=Q 73. a3 Kc4 74.
Ka5 Qd2+ 75. Ka6 Qd6+ 76. Ka7 Kb5 77. Ka8 Kb6 78. a4 Qd8# 0-1

[Event "AUTO-OPEN-4645"]
[Site "http://www.queenalice.com/game.php?id=1871152"]
[Date "2026.3.28"]
[Round "1"]
[White "JoseMessias"]
[Black "dosoldini"]
[Result "1-0"]
[WhiteElo "1489"]
[BlackElo "1646"]

1. e4 e5 2. d4 d5 3. dxe5 d4 4. Nf3 Nc6 5. Bb5 Bd7 6. Bxc6 Bb4+ 7. c3 Bxc6 8.
cxb4 h6 9. O-O d3 10. Nc3 Ne7 11. b5 Bd7 12. Qxd3 c6 13. bxc6 Nxc6 14. a3 O-O
15. b4 Ne7 16. h3 f5 17. Qc4+ Be6 18. Qxe6+ Kh7 19. exf5 Rxf5 20. Nd5 g6 21.
Nf6+ Kh8 22. Nh4 Qf8 23. Nxf5 gxf5 24. Bxh6 Qd8 25. Rad1 1-0

[Event "AUTO-OPEN-4645"]
[Site "http://www.queenalice.com/game.php?id=1871153"]
[Date "2026.3.28"]
[Round "1"]
[White "dosoldini"]
[Black "JoseMessias"]
[Result "1-0"]
[WhiteElo "1635"]
[BlackElo "1500"]

1. e4 e5 2. Nc3 Nf6 3. Bc4 Bb4 4. a3 Bxc3 5. dxc3 d5 6. exd5 Bg4 7. f3 Bf5 8.
Ne2 O-O 9. Ng3 Qd7 10. O-O Bg6 11. Qe2 c6 12. h3 cxd5 13. Rd1 a6 14. Qxe5 Nc6
15. Qf4 Bxc2 16. Rd2 h6 17. Bd3 Bxd3 18. Rxd3 Na5 19. c4 Nxc4 20. b3 Na5 21. Nf5
Nh5 22. Qg4 Nf6 23. Qxg7# 1-0

[Event "Challenge"]
[Site "http://www.queenalice.com/game.php?id=1871628"]
[Date "2026.4.8"]
[Round "-"]
[White "PRZ"]
[Black "JoseMessias"]
[Result "0-1"]
[WhiteElo "1540"]
[BlackElo "1537"]

1. c4 c5 2. Nc3 Nc6 3. e4 Nd4 4. Nge2 Nf6 5. Ng3 d6 6. Nge2 Bg4 7. f3 Nxf3+ 8.
gxf3 Bxf3 9. Rg1 Ng4 10. h4 e5 11. d3 Qxh4+ 12. Kd2 g6 13. Bg2 Bh6+ 14. Kc2 Bxc1
15. Rxc1 Ne3+ 16. Kb3 Nxd1 17. Bxf3 Qf2 18. Rg3 Nxc3 19. Kxc3 h5 20. Rh3 g5 21.
Rxh5 Rxh5 22. Bxh5 O-O-O 23. Rc2 Rh8 24. Bxf7 Qxf7 25. Nc1 Qc7 26. b3 Qa5+ 27.
Kb2 Rh3 28. a4 Qb4 29. Re2 g4 30. Na2 Qb6 31. Kc2 a5 32. Nc3 g3 33. Re1 Rh2+ 34.
Ne2 Qb4 35. Kd1 Qxb3+ 0-1

[Event "Challenge"]
[Site "http://www.queenalice.com/game.php?id=1871629"]
[Date "2026.4.8"]
[Round "-"]
[White "JoseMessias"]
[Black "PRZ"]
[Result "1-0"]
[WhiteElo "1520"]
[BlackElo "1557"]

1. e4 e5 2. d4 c6 3. d5 Qf6 4. dxc6 Nxc6 5. Nf3 h6 6. b3 g5 7. Nc3 a6 8. Nd5 Qd6
9. a3 Nf6 10. Nxf6+ Qxf6 11. Bb2 b5 12. Qd5 Bd6 13. c4 Bb7 14. c5 Ne7 15. Qxb7
Rd8 16. cxd6 Nc6 17. O-O-O O-O 18. Qxa6 Rc8 19. Qxb5 Na7+ 20. Qc4 Rxc4+ 21. bxc4
Rc8 22. Bxe5 Rxc4+ 23. Bxc4 Qd8 24. Rd3 g4 25. Nd4 Qg5+ 26. f4 gxf3+ 27. Rd2 f2
28. Nf3 Qe3 29. Kd1 Nc6 30. Bf6 Qxe4 31. Bd3 Qa4+ 32. Ke2 Qxa3 33. Ra1 Qxd6 34.
Bh7+ Kxh7 35. Rxd6 1-0

[Event "Challenge"]
[Site "http://www.queenalice.com/game.php?id=1872299"]
[Date "2026.4.22"]
[Round "-"]
[White "jogo"]
[Black "JoseMessias"]
[Result "1-0"]
[WhiteElo "1441"]
[BlackElo "1530"]

1. e4 e5 2. Nf3 Nc6 3. c3 d5 4. Qa4 Bd7 5. exd5 Nd4 6. Qd1 Nb5 7. a4 Nd6 8. Nxe5
Qe7 9. Qe2 Nf6 10. Nxd7 Nxd7 11. Qxe7+ Bxe7 12. d4 c5 13. dxc5 Nxc5 14. Nd2 Bg5
15. h4 Bxd2+ 16. Bxd2 Nb3 17. Rd1 O-O 18. Bf4 Rad8 19. f3 Rfe8+ 20. Kf2 Nf5 21.
g4 Nd6 22. Bd3 Nc8 23. Bc4 Nc5 24. Bb5 Re7 25. d6 Re6 26. b4 Nb3 27. Bc4 Rf6 28.
Bg5 Nb6 29. Bxb3 Rd7 30. Bxf6 gxf6 31. Rhe1 Nc8 32. Re8+ Kg7 33. Rxc8 a6 34. Rc7
Rxd6 35. Rxd6 Kg6 36. Rxf7 h5 37. Rdxf6# 1-0

[Event "Challenge"]
[Site "http://www.queenalice.com/game.php?id=1872300"]
[Date "2026.4.22"]
[Round "-"]
[White "JoseMessias"]
[Black "jogo"]
[Result "0-1"]
[WhiteElo "1551"]
[BlackElo "1432"]

1. g3 d5 2. d4 c5 3. dxc5 Qa5+ 4. Bd2 Qxc5 5. Be3 Qa5+ 6. Bd2 Qb6 7. Bg2 Nf6 8.
Be3 Qa5+ 9. Bd2 Qd8 10. Nc3 d4 11. Nb5 e5 12. a4 a6 13. Na3 Bc5 14. b4 Be7 15.
Bg5 Bxb4+ 16. Bd2 Bxd2+ 17. Qxd2 O-O 18. Nf3 Nc6 19. Nc4 Re8 20. Ng5 h6 21. Ne4
Nxe4 22. Bxe4 f5 23. Bxc6 bxc6 24. a5 Qd5 25. Nb6 Qxh1# 0-1

[Event "AUTO-OPEN-4649"]
[Site "http://www.queenalice.com/game.php?id=1872450"]
[Date "2026.4.25"]
[Round "1"]
[White "Tonto"]
[Black "JoseMessias"]
[Result "1-0"]
[WhiteElo "1994"]
[BlackElo "1508"]

1. e4 e5 2. Nf3 Nc6 3. Be2 d5 4. exd5 Qxd5 5. Nc3 Qd8 6. d3 Bb4 7. Bd2 Nd4 8.
Nxe5 Be6 9. O-O Qd6 10. f4 f6 11. Ne4 Qb6 12. Be3 fxe5 13. fxe5 O-O-O 14. c3 Bc5
15. Nxc5 Qxc5 16. cxd4 Qb4 17. Bg4 Bxg4 18. Qxg4+ Rd7 19. a3 Qxb2 20. Rf8# 1-0

[Event "Challenge"]
[Site "http://www.queenalice.com/game.php?id=1872726"]
[Date "2026.4.30"]
[Round "-"]
[White "jogo"]
[Black "JoseMessias"]
[Result "0-1"]
[WhiteElo "1445"]
[BlackElo "1506"]

1. e4 e5 2. Nf3 d5 3. exd5 Qxd5 4. Nc3 Qe6 5. Ng5 Qf5 6. d4 exd4 7. Nb5 Bb4+ 8.
c3 Qe5+ 9. Qe2 f6 10. Qxe5+ fxe5 11. Nxc7+ Kd8 12. Nxa8 dxc3 13. Nf7+ Ke8 14.
Nxh8 cxb2+ 15. Bd2 bxa1=Q+ 0-1